000 00498nam a2200193Ia 4500
003 OSt
005 20230619105803.0
008 210423s1964 xx 000 0 und d
040 _cAL
041 _aeng
082 _a954
_223
_bHALH
100 _aHALAPPA (G S).
_9105944
245 _aHistory of freedom movement in karnataka.
260 _bGalgotia Publications Pvt Ltd
_c1964
365 _b20
_cINR
440 _v2
906 _afreedom ; History ; karnataka. ; movement
942 _2ddc
_cBK
999 _c172274
_d172274